Statistics for Google Maps Cities - Serbia

Click here to take the quiz!

General Stats

  • This quiz has been taken 38 times
  • The average score is 8 of 11

Answer Stats

City% Correct
Belgrade
100%
Novi Sad
100%
Nis
94%
Subotica
88%
Cacak
78%
Leskovac
78%
Krusevac
75%
Zrenjanin
66%
Sabac
59%
Zlatibor
19%
Smederovo
13%

Score Distribution

Percentile by Number Answered

Percent of People with Each Score

Your Score History

You have not taken this quiz